[Event "TUR-ch Seniors 65"]
[Site "Ankara"]
[Date "2023.05.25"]
[Round "7"]
[White "Cibik, Bulent"]
[Black "Turkol, Lutfu"]
[Result "0-1"]
[WhiteElo "1405"]
[BlackElo "1741"]
[PlyCount "154"]
[EventDate "2023.05.19"]
[EventType "swiss"]
[EventRounds "9"]
[EventCountry "TUR"]
[SourceTitle "CBM 214 Extra"]
[Source "ChessBase"]
[SourceDate "2023.07.31"]
[SourceVersion "1"]
[SourceVersionDate "2023.07.31"]
[SourceQuality "1"]

1. e4 c5 2. Nf3 Nc6 3. d4 cxd4 4. Nxd4 Nf6 5. Nc3 e5 6. Nxc6 bxc6 7. Bg5 h6 8. Bd2 d5 9. exd5 cxd5 10. Bb5+ Bd7 11. Qe2 Bd6 12. 0-0 0-0 13. Bxd7 Qxd7 14. Rad1 Rfe8 15. a3 Rab8 16. Bc1 Qc6 17. Qd2 d4 18. Ne2 Bc7 19. Ng3 Bb6 20. Kh1 Rbc8 21. c3 dxc3 22. bxc3 Qxc3 23. Qe2 Qc4 24. Qf3 Qc6 25. Qe2 Qe6 26. f3 Nd5 27. Qb2 Ne3 28. Bxe3 Bxe3 29. Rfe1 Bb6 30. Re2 f6 31. Qb1 Red8 32. Ree1 Bf2 33. Rf1 Bxg3 34. hxg3 Rxd1 35. Rxd1 Qf7 36. Qb5 Kh8 37. Kg1 Qg6 38. Qd7 Qc2 39. a4 a5 40. g4 Rb8 41. Rd2 Qc1+ 42. Kh2 Qe1 43. Rd1 Qe3 44. Kh1 Qe2 45. Kg1 e4 46. Qd5 Rb2 47. Qa8+ Kh7 48. Qxe4+ Qxe4 49. fxe4 Rb4 50. Re1 Rxa4 51. Kf2 Ra3 52. e5 fxe5 53. Rxe5 a4 54. Re6 Ra1 55. Ra6 a3 56. Kg3 a2 57. Kh2 g6 58. Ra7+ Kg8 59. Kg3 Kf8 60. Kh2 Ke8 61. Kg3 Kd8 62. Kh2 Kc8 63. Kg3 Kb8 64. Ra6 Kb7 65. Ra4 Kb6 66. Ra8 Kc5 67. Rc8+ Kd4 68. Rd8+ Ke4 69. Re8+ Kd3 70. Rd8+ Ke2 71. Re8+ Kf1 72. Ra8 Kg1 73. Ra5 g5 74. Ra6 Rb1 75. Kh3 a1Q 76. g3 Kf2 77. Kh2 Kf1 0-1

[Event "TUR-ch Seniors 65"]
[Site "Ankara"]
[Date "2023.05.24"]
[Round "6"]
[White "Cibik, Bulent"]
[Black "Turkol, Lutfu"]
[Result "0-1"]
[WhiteElo "1405"]
[BlackElo "1741"]
[PlyCount "106"]
[EventDate "2023.05.19"]
[EventType "swiss"]
[EventRounds "9"]
[EventCountry "TUR"]
[SourceTitle "CBM 214 Extra"]
[Source "ChessBase"]
[SourceDate "2023.07.31"]
[SourceVersion "1"]
[SourceVersionDate "2023.07.31"]
[SourceQuality "1"]

1. c4 e5 2. Nc3 Nf6 3. Nf3 d6 4. g3 Be7 5. Bg2 Nc6 6. 0-0 0-0 7. d3 h6 8. Rb1 Be6 9. b4 a6 10. a4 Qc8 11. Re1 Bh3 12. Bh1 Rb8 13. b5 axb5 14. axb5 Nd8 15. Ra1 Ra8 16. Bd2 Ne6 17. Rxa8 Qxa8 18. Qa1 Nc5 19. Qb2 Qd8 20. Ra1 Bg4 21. Be3 e4 22. Nd2 exd3 23. exd3 Nxd3 24. Qa2 b6 25. Qb1 Bf5 26. Qf1 Qd7 27. Ra7 Nc5 28. Bc6 Qc8 29. Nf3 Bd3 30. Qd1 Bxc4 31. Nd4 Bd8 32. Kg2 Qg4 33. Bf3 Qg6 34. Nc6 Ne6 35. h4 Qd3 36. Qc1 Bd5 37. Nxd5 Nxd5 38. Nxd8 Nxe3+ 39. fxe3 Rxd8 40. Bc6 g6 41. Ra3 Qf5 42. e4 Qe5 43. Ra2 Kg7 44. Rf2 Rf8 45. Qf1 Nc5 46. Bd5 f5 47. Qc4 fxe4 48. Re2 Rf3 49. Rxe4 Qxg3+ 50. Kh1 Qh3+ 51. Kg1 Rg3+ 52. Kf2 Qh2+ 53. Kf1 Rg1# 0-1

[Event "TUR-ch Seniors 65"]
[Site "Ankara"]
[Date "2023.05.23"]
[Round "5"]
[White "Turkol, Lutfu"]
[Black "Alkan, Sukru"]
[Result "0-1"]
[WhiteElo "1741"]
[BlackElo "1358"]
[PlyCount "80"]
[EventDate "2023.05.19"]
[EventType "swiss"]
[EventRounds "9"]
[EventCountry "TUR"]
[SourceTitle "CBM 214 Extra"]
[Source "ChessBase"]
[SourceDate "2023.07.31"]
[SourceVersion "1"]
[SourceVersionDate "2023.07.31"]
[SourceQuality "1"]

1. e4 c5 2. Nf3 Nc6 3. d4 cxd4 4. Nxd4 Nf6 5. Nc3 e5 6. Nf3 Bb4 7. Bd2 Bxc3 8. Bxc3 Nxe4 9. Qd3 Nxc3 10. Qxc3 0-0 11. 0-0-0 d6 12. Bb5 Qc7 13. Qd3 Rd8 14. Bxc6 bxc6 15. Nxe5 Be6 16. Nc4 d5 17. Nd2 c5 18. Qa3 a5 19. Nb3 Rdc8 20. Qa4 d4 21. g3 Bd7 22. Qa3 a4 23. Nd2 Be6 24. Ne4 Bd5 25. Rhe1 Qc6 26. Nd2 h6 27. Nb1 Re8 28. Rxe8+ Rxe8 29. b3 axb3 30. axb3 Re2 31. Rd2 Re1+ 32. Rd1 Re8 33. Qa5 Ra8 34. Qe1 Qc7 35. Qd2 Ra1 36. Re1 Qa7 37. c4 Ra2 38. Re5 Qb6 39. Qe1 Be6 40. Nd2 Qa5 0-1